000 00359nam a2200145Ia 4500
008 100204s9999 xx 000 0 und d
082 _b20584
100 _aVASWANI J.P.
245 _aFROM HELL TO HEAVEN
260 _b"MMIRA PUBLICATIONS, PUNE"
_c1972
300 _a169
630 _aFROM HELL TO HEAVEN
730 _aFROM HELL TO HEAVEN
942 _cBOOK
999 _c465004
_d465001